| 000 | 00667nam a2200205 ar4500 | ||
|---|---|---|---|
| 001 | 5301 | ||
| 005 | 20221127091127.0 | ||
| 008 | 082921s ||| 00010|eng d | ||
| 020 |
_a9781119800361 (loose Leaf pbk) _cSR 930 |
||
| 082 | 0 | 4 | _a005.43 Si32 2018 |
| 100 | 1 | _aSilberschatz, Abraham; | |
| 245 | 1 | 0 |
_aOperating system concepts / _cSilberschatz, Abraham; Galvin, Peter B.; Gagne, Greg; |
| 250 | _a10th.ed. | ||
| 260 |
_aNew Jersy.USA _bJohn Wiley _c2018 |
||
| 300 |
_a1006.pgs. _bill.col. _c24.5 cm |
||
| 500 | _aInclude INdex | ||
| 650 | 4 | _aOperating systems (Computers) | |
| 650 | 4 | _aBLANK AUTHORITY TEXT | |
| 700 | 0 | _aGalvin, Peter B.; Gagne, Greg; (co.auth.) | |
| 999 |
_c5298 _d5298 |
||